00651nam a2200157Ia 4500008004100000100002300041245012900064245005800193260005300251260000900304300001200313650001500325856006100340999001900401952007300420170221s9999 xx 000 0 und d aJoel Tham Kah Marn aAntecedents of Strategic Planning of SMEs in Malaysia: The Influence of Ownership Motivations and Environmental Uncertainty  cJoel Tham Kah Marn, Cheng Wei Hin, Abdul Manaf Bohari bInternational Review of Management and Marketing c2016 a15 : 15 xMarketing. uhttp://www.econjournals.com/index.php/irmm/issue/view/91 c311912d311912 001040aCLbCLd2017-02-21l0r2017-02-21 00:00:00w2017-02-21yFOJ